| 000 | 00633nam a2200205 u 4500 | ||
|---|---|---|---|
| 005 | 20210223133650.0 | ||
| 008 | 180920s2016 es r 000 0 spa d | ||
| 020 | _a9788494464942 | ||
| 035 | _aUPN01000226746 | ||
| 049 | _aCG | ||
| 050 | 4 |
_aPN6071 G3 _bS6.2 |
|
| 245 | 0 | 3 |
_aLa sociedad gastronómica : _by otros cuentos para gourmets / _cTanizaki Jun´ichiro ... [et al.] ; tr. Isami Romero Hoshino. |
| 260 |
_aMadrid : _bQuaterni, _c2016. |
||
| 300 | _a307 p. | ||
| 650 | 4 |
_aGASTRONOMIA - _vCUENTOS _922365 |
|
| 650 | 4 |
_aCUENTOS JAPONESES _98203 |
|
| 700 | 1 |
_aTanizaki, Junichiro, _ecoaut, |
|
| 905 | _aLibro | ||
| 999 |
_c198842 _d198842 |
||